|
|
|
|
| LEADER |
01192nam a2200277 i 4500 |
| 001 |
30142 |
| 003 |
BD-DhAAL |
| 008 |
171126s2014 bg ab bs 000 0 eng |
| 999 |
|
|
|c 38620
|d 38620
|
| 020 |
|
|
|a 9789843383624
|
| 037 |
|
|
|b Complimentary copy
|
| 040 |
|
|
|a DLC
|b eng
|e rda
|c DLC
|d BD-DhAAL
|
| 050 |
0 |
0 |
|a HT384.B32
|b C457 2014
|
| 082 |
|
|
|a 309.2620954923
|2 22
|
| 245 |
0 |
0 |
|a State of cities :
|b governance for a liveable Chittagong.
|
| 260 |
|
|
|a Dhaka :
|b BRAC Institute of Governance and Development (BIGD), BRAC University,
|c 2014.
|
| 300 |
|
|
|a xv, 141 pages :
|b color illustrations, color maps ;
|c 28 cm
|
| 500 |
|
|
|a Includes statistical tables.
|
| 504 |
|
|
|a Includes bibliographical references (pages 127-135)
|
| 520 |
|
|
|a On the urbanization planning of Chittagang City, Bangladesh; a study.
|
| 526 |
|
|
|a AAL
|
| 541 |
|
|
|a Complimentary copy
|e 30142
|
| 650 |
|
0 |
|a Land use, Urban
|z Bangladesh
|z Chittagong
|9 23904
|
| 650 |
|
0 |
|a Urbanization
|z Bangladesh
|z Chittagong
|x Social conditions.
|9 23905
|
| 942 |
|
|
|2 ddc
|c BK
|
| 952 |
|
|
|0 0
|1 0
|2 ddc
|4 0
|6 309_262095492300000_STA
|7 0
|9 61957
|a BRACUL
|b BRACUL
|c GEN
|d 2017-11-26
|e Complimentary copy
|f 1
|l 0
|o 309.2620954923 STA
|p 3010030142
|r 2017-11-26
|t 1
|w 2017-11-26
|y BK
|